[Event "Utrecht OKU op-B 45th"]
[Site "Utrecht"]
[Date "2018.06.03"]
[Round "5"]
[White "Jacobsen, Raymond"]
[Black "Van Gelder, Arnold"]
[Result "1-0"]
[WhiteElo "1673"]
[BlackElo "1552"]
[PlyCount "85"]
[EventDate "2018.06.01"]
[EventType "swiss"]
[EventRounds "6"]
[EventCountry "NED"]
[SourceTitle "EXT 2019"]
[Source "ChessBase"]
[SourceDate "2018.10.10"]
[SourceVersion "1"]
[SourceVersionDate "2018.10.10"]
[SourceQuality "1"]

1. d4 Nf6 2. c4 e5 3. dxe5 Ng4 4. e4 Nxe5 5. f4 Ng6 6. Be3 Bb4+ 7. Nd2 Qe7 8. Qc2 0-0 9. Ngf3 d6 10. h4 Bxd2+ 11. Bxd2 Re8 12. 0-0-0 Nc6 13. h5 Nf8 14. h6 g6 15. Qc3 f6 16. Bd3 a5 17. a3 a4 18. Rdg1 Be6 19. g4 Bf7 20. g5 Nd7 21. Be1 Nc5 22. Bc2 Qf8 23. Nd2 Re6 24. f5 Re5 25. Bg3 Rae8 26. Bxe5 fxe5 27. Rf1 Qe7 28. Nf3 Rf8 29. Rhg1 Qe8 30. Rf2 Qe7 31. Nh4 Qe8 32. Rgf1 Nd4 33. fxg6 Ne2+ 34. Rxe2 Bxg6 35. Rxf8+ Qxf8 36. Nxg6 hxg6 37. Qe3 Qf1+ 38. Re1 Qxc4 39. Kb1 Kh7 40. Qf2 b5 41. Qf8 Ne6 42. Qf7+ Kh8 43. Qxg6 1-0